00494nam a2200157Ia 45000010006000000050017000060080041000230410008000640820018000721000046000902450148001362600009002843000027002936500008003206540008003282356520260414150945.0260414t2016||||xx |||||||||||||| ||spa|| aESP a664.9585bB24 aBarrantes Huamaní, Rocío MarisoleAUT 0aLa alpaca y la llama :brevalorando las prácticas de crianza y su uso en la alimentación y nutrición en las zonas alto andinas del Perú c2016 a91 páginas :c24 cm. aTCA aCII